00732nam a2200193 a 450000100100000000500170001000800410002702000150006804000250008310000310010824500520013926000270019130000210021850400730023950400320031271000720034495201050041699900170052100003757420200930080440.0120501s2002 sp 000 0 spa d a8400080823 aDO-SdBNPbspacBNPHU1 aOlmo, Margarita del96403713aLa utopía en el exilio /cMargarita del Olmo. aMadrid :bCSIC,c2002. a324 p. ;c25 cm. aIncluye referencias bibliográficas y notas al pie de las páginas aBibliografía : p. 321-3242 aConsejo Superior de Investigaciones Científicas (España)915178 001050718MOaGRbGRcCTd2012-05-01iLF1l0o p37574-10r2020-06-25w2020-06-25y1ZNo se presta c37064d37064